| 000 | 02285cam a2200445 a 4500 | ||
|---|---|---|---|
| 001 | 16537189 | ||
| 003 | ARRUPE | ||
| 005 | 20150930154311.0 | ||
| 008 | 101115s2009 rh b 000 0 eng d | ||
| 010 | _a 2010324857 | ||
| 020 | _a9780797438118 (pbk.) | ||
| 020 | _a0797438114 (pbk.) | ||
| 035 | _a(OCoLC)ocn670069477 | ||
| 040 |
_aKAT _beng _cKAT _dDLC _dIUL _dOCLCQ _dDLC |
||
| 042 | _alccopycat | ||
| 043 | _af------ | ||
| 050 | 0 | 0 |
_aHN37.C3 _b.C561 2009 |
| 100 |
_aKaulem, David _919741 |
||
| 245 | 0 | 4 |
_aThe church and civil society : _bbuilding social conscience for democratic participation. _cby Kaulem, David |
| 260 |
_aMount Pleasant, Harare, Zimbabwe : _bAfrican Forum for Catholic Social Teaching, _c2009. |
||
| 300 |
_a48 p. ; _c21 cm. |
||
| 490 | 1 |
_aAFCAST series booklets ; _v8 |
|
| 504 | _aIncludes bibliographical references. | ||
| 505 | 0 | _aIntroduction / Method Kilaini -- Keynote Address. The church and civil society: building social conscience for democratic participation / January Msoffe -- Country report, Zimbabwe. Civil society as a new paradigm for democratic politics in Zimbabwe / David Kaulemu -- Country report, Zambia. Church and civil scociety: promoting democratic participation in Zambia / Kayula Lesa -- Country report, Malawi. The participation of the church in the 2009 general elections in Malawi / Tobias B. Jere -- AFCAST working group members. | |
| 610 | 2 | 0 |
_aCatholic Church _zAfrica. _91191 |
| 610 | 2 | 0 |
_aCatholic Church. _bBaraza la Maaskofu Katoliki wa Tanzania _d(2009 : _cSalaam, Tanzania) _91192 |
| 650 | 0 |
_aChurch and state _zAfrica. _91193 |
|
| 650 | 0 |
_aChurch and state _xCatholic Church. _91194 |
|
| 650 | 0 |
_aChurch and social problems _xCatholic Church. _91195 |
|
| 650 | 0 |
_aChurch and social problems _zAfrica. _91196 |
|
| 700 |
_aKaulem, David _919741 |
||
| 700 |
_aKaulemu, David _919747 |
||
| 710 | 2 |
_aAfrican Forum for Catholic Social Teachings. _91197 |
|
| 710 | 2 |
_aCatholic Church. _bBaraza la Maaskofu Katoliki wa Tanzania _d(2009 : _cSalaam, Tanzania) _91198 |
|
| 830 | 0 |
_aAFCAST series booklets ; _v8. _91199 |
|
| 906 |
_a7 _bcbc _ccopycat _d3 _encip _f20 _gy-gencatlg |
||
| 942 |
_2lcc _cMONOGRAPH |
||
| 999 |
_c118027 _d118027 |
||